000 01552nam0a2200349 4500
001 RU\NLR\bibl\1820023
005 20260408075225.0
010 _a978-5-91793-066-4
_93000
021 _aRU
_b2011-70546
_94999
035 _a(NLR Aleph) 001810589
090 _a1865940
_c1865940
100 _a20111013d2011 |||y0rusy50 ca
101 0 _arus
102 _aRU
105 _aa |||||||||
200 1 _aПожарная безопасность
_eразработки занятий
_eмладшая группа
_fИзд.-торг. дом "Корифей"
_gавт.-сост.: Т.И. Иванова
210 _aВолгоград
_cКорифей
_d2011
215 _a95, [1] с.
_cил.
_d20
225 1 _aДетский сад
320 _aБиблиогр.: с. 87 (6 назв.)
606 1 _aДошкольники
_jРуководства, пособия и т.п.
_xОбучение правилам пожарной безопасности
_92276404
_3RU\NLR\auth\661364134
686 _aЧ411.352.23я7
686 _aЧ411.334я7
702 1 _4220
_8rus
_7ca
_aИванова
_bТ. В.
_cпедагог-методист, дошкольное образование
_gТатьяна Владимировна
_3RU\NLR\auth\77984
_9111019
712 0 2 _4570
_a"Корифей", издательско-торговый дом
_cВолгоград
_3RU\NLR\AUTH\8810071060
_9644016
801 0 _aRU
_bNLR
_c20111013
_gRCR
801 1 _aRU
_bNLR
_c20111013
830 _aсост. по кн.
942 _cBOOK
980 _aNB
980 _aNBR